| 000 | 00828nam a2200229Ia 4500 | ||
|---|---|---|---|
| 001 | 9652 | ||
| 003 | GE_BSU | ||
| 008 | 181216s||||||||xx |||||||||||||| ||und|| | ||
| 040 | _cGE_BSU | ||
| 080 | _a821.353.1–2+821.353.1-92 | ||
| 100 | _aმრევლიშვილი,მიხეილ. | ||
| 245 | _aთხზულებანი ორ ტომად ტ.2 | ||
| 245 | _bპიესები,წერილები | ||
| 245 | _cრედ. ს.დემურხანაშვილი. მხატვ. ო.ჯიშკარიანი | ||
| 260 | _aთბილისი | ||
| 260 | _bმერანი | ||
| 260 | _c1974 | ||
| 300 | _a650გვ.21სმ. | ||
| 653 | _aთხზულებანი ორ ტომად | ||
| 653 | _aპიესები,წერილები | ||
| 942 | _cBK | ||
| 999 |
_c42936 _d42936 |
||